Name the phonk songs - Statistics

General Stats
  • This quiz has been taken 21 times
  • The average score is 7 of 15
Answer Stats
Question Answer % Correct
put out the full name for this: M_ NTA_ E_ B_I_ _O Montagem Bailao
82%
Which songs are released in july 2025 All of the above
59%
Which song has a kitty for background image Montagem Miau
59%
Which one is NOT a montagem Gozalo
53%
What is the Background of Montagem Bailao Brazilian Flag
47%
Which are the song by DJ Asul? Matadora
47%
What song has a coconut tree as background? Montagem Tomada
47%
What is Montagem Xonada written by? MXZI DJ Samir DJ Javin26
47%
Which song has the lyrics "Cheguei no baile, luzes a piscar" Voce Na Mira
47%
What is Vai Vai Trair about Betrayal
41%
Which song has Portuguese lyrics that sounds like the word "Pizza" Montagem Pegadora
41%
Which song have those lyrics: Vento sussurra histórias sem fim Montagem Rugada
35%
Which song have trumpets in them Montagem Alquimia
29%
Which song is released on July 25th 2025 Vai Vai Trair
24%
Which song has over 75 million views Montagem Alquimia
6%
No matching quizzes found
Score Distribution
Percent of People with Each Score
Percentile by Number Answered
Your Score History
You have not taken this quiz